Normal view
MARC view
- Milimeter waves
Entry Topical Term
001 - CONTROL NUMBER
- control field: 98217
003 - CONTROL NUMBER IDENTIFIER
- control field: NUST
005 - DATE AND TIME OF LATEST TRANSACTION
- control field: 20220819105543.0
008 - FIXED-LENGTH DATA ELEMENTS
- fixed length control field: 220819|| aca||aabn | a|a d
040 ## - CATALOGING SOURCE
- Original cataloging agency: NUST
- Transcribing agency: NUST
150 ## - HEADING--TOPICAL TERM
- Topical term or geographic name entry element: Milimeter waves
670 ## - SOURCE DATA FOUND
- Source citation: Work cat.: (NUST)219388: Huang, Kao-Cheng. 98215, Millimeter wave communication systems /, c2011.
